00492 a2200169 450000100060000002000180000604000220002410000170004624000360006324500310009930000080013036200090013865000350014794200070018295201160018999900170030559646 a9783522178020 cAnchieta - Pituba aBoth, Sabine10aSommer, sonne, erste Liebelpor10aSommer, sonne, erste Liebe a3500 a2006 4aLiteratura juvenil em alemàƒo cBK 00104070a91.1b91.1d2023-11-21l0oLJ 028.543 B749s BOT SOMp11035/PITr2023-11-21 18:27:42w2023-11-21yBK c59646d59646